| 000 | 00545nam a2200193 a 4500 | ||
|---|---|---|---|
| 001 | 11155 | ||
| 003 | CO-ViMGA | ||
| 008 | 141112s2004 ck r 000 u spa d | ||
| 040 |
_aCO-ViMGA _bspa _cCO-ViMGA |
||
| 082 | 0 | 4 | _a523.286 L39m |
| 100 | 1 |
_aLozano y Lozano, Juan _915493 |
|
| 245 | 1 | 0 | _aMis contemporaneos |
| 260 |
_aBogotá, _cInstiuto Colombiano de Cultura, _c1972 |
||
| 300 | _a175 p. | ||
| 490 | _aColección antologias de "sabado" | ||
| 650 | 1 | 4 |
_aCOLOMBIA - BIOGRAFIAS _915494 |
| 650 | 1 | 4 |
_aHOMBRES DE ESTADO _915495 |
| 942 |
_2ddc _cBK |
||
| 999 |
_c22368 _d22368 |
||